00289nam a2200121Ia 45000030006000000080041000060400015000471000020000622450022000822600034001045460012001380050017001500STCL150530s9999 xx 000 0 und d aSTCLcSTCL aMarriott, J.A.R aEmpire Settlement bOxford University pressc1927 aEnglish20220125171407.0